000 00717nam a22002417a 4500
001 63894
003 UA-OsUOA
005 20220519145923.0
007 ta
008 20091026b un ||||| |||| 00| 0 ukr d
040 _aUA-OsUOA
_brus
_cUA-OsUOA
_dUA-OsUOA
041 _arus
080 _a94(100):34
090 _a94(100):34
_bН97
245 _aНюрнбергский процесс
_cР. А. Руденко
260 _aМ.
_c1958
300 _a863 с.
505 _gТ. 2
_tПреступления против мира
650 7 _a9 Географія. Біографії. Історія
_2UDC
942 _cBK
_2udc
955 _a2
999 _c349995
_d349995